000 00526nam a2200181Ia 4500
005 20250508155439.0
008 008 250505s9999 xx 000 0 eng d
037 _aTextual
040 _aFEDL
_beng
_cFEDL
041 _aeng
_2eng
084 _a376, NAT
_qFEDL
245 0 _aNational council for women's education: Fourth annual report (March 1963-February 1964)
245 0 _cIndia. Education (Ministry of...)
260 _c1964
300 _a37p.
942 _cTEXL
_h376, NAT
999 _c1356964
_d1356964